[Event "Cairo Al Ain op"]
[Site "Cairo"]
[Date "2023.12.03"]
[Round "10"]
[White "Ahmed Mohamed, Zakaa"]
[Black "Hafez, Magdy Mohamed"]
[Result "1-0"]
[WhiteElo "1258"]
[BlackElo "1755"]
[PlyCount "77"]
[EventDate "2023.11.27"]
[EventType "swiss"]
[EventRounds "10"]
[EventCountry "EGY"]
[SourceTitle "CB49_2023"]
[SourceDate "2023.12.06"]
[SourceVersion "1"]
[SourceVersionDate "2023.12.06"]
[SourceQuality "1"]

1. b3 f5 2. Bb2 Nf6 3. e3 Nc6 4. Bb5 a6 5. Bxc6 bxc6 6. Nf3 g6 7. 0-0 Bg7 8. c4 d5 9. Ne5 Bb7 10. Nc3 0-0 11. Ne2 Ng4 12. d4 e6 13. Nxg4 fxg4 14. Nf4 Rxf4 15. exf4 c5 16. Qxg4 Qf6 17. Rad1 h5 18. Qe2 cxd4 19. Bxd4 Qxf4 20. Qxe6+ Kh7 21. Bxg7 Kxg7 22. cxd5 Rf8 23. Rde1 Rf5 24. Qe7+ Kh6 25. Qe3 Qxe3 26. Rxe3 Bxd5 27. Re7 Rg5 28. f3 c6 29. Ra7 h4 30. h3 Re5 31. Rxa6 Re2 32. Ra4 Kh5 33. Rd1 Rb2 34. Ra8 Kg5 35. Rf1 Kf5 36. Re1 Rc2 37. Rf8+ Kg5 38. Re7 Rxa2 39. f4+ 1-0

[Event "Cairo Al Ain op"]
[Site "Cairo"]
[Date "2023.11.30"]
[Round "6"]
[White "Ahmed Mohamed, Zakaa"]
[Black "Mohamed Osman, Ahmed Mustafa"]
[Result "0-1"]
[WhiteElo "1258"]
[BlackElo "1937"]
[PlyCount "84"]
[EventDate "2023.11.27"]
[EventType "swiss"]
[EventRounds "10"]
[EventCountry "EGY"]
[SourceTitle "CB49_2023"]
[SourceDate "2023.12.06"]
[SourceVersion "1"]
[SourceVersionDate "2023.12.06"]
[SourceQuality "1"]

1. e4 e6 2. d4 d5 3. exd5 exd5 4. Bd3 Nf6 5. Nf3 Bd6 6. 0-0 0-0 7. h3 h6 8. Be3 b6 9. c3 Ba6 10. Bxa6 Nxa6 11. Qd3 Nb8 12. Ne5 c5 13. Nd2 Qc7 14. Qf5 Nc6 15. Nxc6 Qxc6 16. Kh1 Bc7 17. Rae1 Rfe8 18. Qc2 c4 19. Nf3 Ne4 20. Re2 Re7 21. Rfe1 Rae8 22. Kg1 b5 23. a4 a6 24. Ra1 Re6 25. axb5 axb5 26. Ree1 Qd6 27. Ra2 Ng5 28. Ne5 f6 29. Bf4 fxe5 30. Bxe5 Qb6 31. f4 Bxe5 32. fxe5 Ne4 33. Kh1 b4 34. Ra4 bxc3 35. bxc3 Rf8 36. Rb1 Qd8 37. Rba1 Qg5 38. Ra8 Ree8 39. Rxe8 Rxe8 40. Ra5 Rf8 41. Rxd5 Rf1+ 42. Kh2 Qg3# 0-1

[Event "Cairo Al Ain op"]
[Site "Cairo"]
[Date "2023.11.29"]
[Round "5"]
[White "Imbaby, Mohamed"]
[Black "Ahmed Mohamed, Zakaa"]
[Result "0-1"]
[WhiteElo "1782"]
[BlackElo "1258"]
[PlyCount "79"]
[EventDate "2023.11.27"]
[EventType "swiss"]
[EventRounds "10"]
[EventCountry "EGY"]
[SourceTitle "CB49_2023"]
[SourceDate "2023.12.06"]
[SourceVersion "1"]
[SourceVersionDate "2023.12.06"]
[SourceQuality "1"]

1. d4 c6 2. c4 d5 3. e3 Bf5 4. Nc3 e6 5. cxd5 exd5 6. Bd3 Bg6 7. Nge2 Bd6 8. 0-0 Nf6 9. f4 Qc7 10. h3 Bxd3 11. Qxd3 0-0 12. Rf3 Re8 13. Bd2 Nbd7 14. Raf1 Ne4 15. Bc1 Ndf6 16. g4 h6 17. Kg2 Rad8 18. g5 hxg5 19. fxg5 Nxg5 20. Rxf6 gxf6 21. Nxd5 cxd5 22. Rxf6 Qe7 23. Rf5 Qe4+ 24. Qxe4 Nxe4 25. Rxd5 Rc8 26. Kf3 Bb8 27. b3 Rc2 28. Rd7 Ng5+ 29. Kg4 Nxh3 30. Kxh3 Rxe2 31. Rxb7 Rc2 32. Ba3 Rxe3+ 33. Kg4 Re8 34. d5 Rd2 35. d6 Bxd6 36. Rd7 Rd4+ 37. Kf3 Rf4+ 38. Kg3 Re3+ 39. Kg2 Bxa3 40. Kg1 0-1